000 00356nam a2200121Ia 4500
008 230907s9999||||xx |||||||||||||| ||und||
082 _a620.5
_bSHE
100 _aShelley, Toby.
_9115473
245 0 _aNanotechnology :
260 _aDistributed in the USA exclusively by Palgrave Macmillan,
_bLondon ; | New York :
_c2006
300 _a170 p. ;
942 _cBK
999 _c598497
_d598497